|
|
|
|
| LEADER |
00000nam0a2200000 4500 |
| 001 |
279756 |
| 005 |
20231101235236.0 |
| 020 |
|
|
|a RU
|b 86-41838ж
|
| 035 |
|
|
|a (RuTPU)RU\TPU\book\303061
|
| 090 |
|
|
|a 279756
|
| 100 |
|
|
|a 20141223a1986 k y0rusy5003 ca
|
| 101 |
0 |
|
|a rus
|
| 102 |
|
|
|a RU
|
| 105 |
|
|
|a a z 001zy
|
| 200 |
1 |
|
|a Магнитные и электронные структуры переходных металлов и сплавов
|f Академия наук СССР (АН СССР), Институт общей физики (ИОФ) ; под ред. В. Г. Веселаго
|
| 210 |
|
|
|a Москва
|c Наука
|d 1986
|
| 215 |
|
|
|a 151 с.
|c ил.
|
| 225 |
1 |
|
|a Труды Института общей физики (ИОФАН)
|f АН СССР
|v Т. 3
|
| 320 |
|
|
|a Библиогр. в конце ст.
|
| 606 |
1 |
|
|a Магнитные материалы
|x Физика
|2 stltpush
|3 (RuTPU)RU\TPU\subj\40824
|9 60654
|
| 610 |
1 |
|
|a переходные металлы
|
| 610 |
1 |
|
|a сплавы
|
| 610 |
1 |
|
|a магнитные свойства
|
| 610 |
1 |
|
|a электронная структура
|
| 610 |
1 |
|
|a антиферромагнетизм
|
| 610 |
1 |
|
|a поверхность Ферми
|
| 610 |
1 |
|
|a спиновые стекла
|
| 675 |
|
|
|a 537.622
|z rus
|v 4
|
| 702 |
|
1 |
|a Веселаго
|b В. Г.
|g Виктор Георгиевич
|4 340
|
| 712 |
0 |
2 |
|a Академия наук СССР (АН СССР)
|b Институт общей физики (ИОФ)
|c (Москва)
|2 stltpush
|3 (RuTPU)RU\TPU\col\11555
|
| 801 |
|
0 |
|a RU
|b RuMRKP
|c 19950704
|g psbo
|
| 801 |
|
1 |
|a RU
|b 63413507
|c 20141223
|
| 801 |
|
2 |
|a RU
|b 63413507
|c 20170420
|g RCR
|
| 942 |
|
|
|c BK
|